000 00677nam a2200205Ii 4500
003 JO-AjNU
008 230605s9999||||xx |||||||||||||| ||und||
017 _a2016/2152
040 _aJO-AjNU
_bara
_erda
_cJO-AjNU
041 _aara
050 1 4 _aLB1029.T37 2016
100 3 _aالطراونة، خليف,
_eauthor
_953205
245 0 0 _aكلمات في منارات (الأردنية)
264 3 1 _aعمان: المؤلف، 2016
300 _a171ص
336 _atext
_btxt
_2rdacontent
337 _aunmediated
_bn
_2rdamedia
338 _avolume
_bnc
_2rdacarrier
650 4 _aالتراجم - الهيئات التدريسية - الجامعات الحكومية
_953206
999 _aA23615
_c27183
_d27183